The lion, the witch and the wardrobe / (Record no. 343362)
[ view plain ]
| 000 -LEADER | |
|---|---|
| fixed length control field | 00524nam a2200217Ia 4500 |
| 008 - FIXED-LENGTH DATA ELEMENTS--GENERAL INFORMATION | |
| fixed length control field | 170918s9999 xx 000 0 und d |
| 020 ## - INTERNATIONAL STANDARD BOOK NUMBER | |
| International Standard Book Number | 9780064404990 |
| 050 ## - LIBRARY OF CONGRESS CALL NUMBER | |
| Item number | L673ch 1994 |
| 100 ## - MAIN ENTRY--PERSONAL NAME | |
| Personal name | Lewis, C.S. |
| 245 #4 - TITLE STATEMENT | |
| Title | The lion, the witch and the wardrobe / |
| 245 ## - TITLE STATEMENT | |
| Statement of responsibility, etc | by C.S. Lewis. |
| 260 ## - PUBLICATION, DISTRIBUTION, ETC. (IMPRINT) | |
| Place of publication, distribution, etc | New York : |
| 260 ## - PUBLICATION, DISTRIBUTION, ETC. (IMPRINT) | |
| Name of publisher, distributor, etc | Harper Trophy, |
| 260 ## - PUBLICATION, DISTRIBUTION, ETC. (IMPRINT) | |
| Date of publication, distribution, etc | 1994 |
| 300 ## - PHYSICAL DESCRIPTION | |
| Extent | 189 pages : |
| 300 ## - PHYSICAL DESCRIPTION | |
| Other physical details | illustrations ; |
| 300 ## - PHYSICAL DESCRIPTION | |
| Dimensions | 19cm. |
| 300 ## - PHYSICAL DESCRIPTION | |
| Accompanying material | The chronicles of Narnia ; |
| 440 ## - SERIES STATEMENT/ADDED ENTRY--TITLE | |
| Title | 2 |
| 500 ## - GENERAL NOTE | |
| General note | 940 |
| Withdrawn status | Lost status | Damaged status | Home library | Current library | Date acquired | Total Checkouts | Full call number | Barcode | Date last seen | Price effective from | Koha item type |
|---|---|---|---|---|---|---|---|---|---|---|---|
| Stonyhurst Southville International School (Malarayat) | Stonyhurst Southville International School (Malarayat) | 09/18/2017 | GS FIC L673ch 1994 bk 2 | SSISM2434 | 09/18/2017 | 09/18/2017 | Books |